000 00285 a2200145 4500
001 180398
020 _a
040 _cMagnum
100 _aJardim Junior, Davi
240 1 0 _aOrelhinha
_lpor
245 1 0 _aOrelhinha
362 0 _a1899
697 _aMAGNITO: I/ANIMAIS
942 _cBK
999 _c180398
_d180398